[Event "Europa ch s-18 femenino"]
[Site "Herceg Novi MNT"]
[Date "2008.09.22"]
[Round "7.4"]
[White "Ohme, Melanie"]
[Black "Pavlidou, Ekaterini"]
[Result "1/2-1/2"]
[WhiteElo "2245"]
[BlackElo "2034"]
[PlyCount "116"]
[EventDate "2008.09.15"]
[EventType "swiss"]
[EventRounds "9"]
[Source "lmi"]
[SourceDate "2008.09.15"]

1. e4 c5 2. Na3 e6 3. c3 d5 4. e5 d4 5. cxd4 cxd4 6. Nf3 Nc6 7. Bb5 Bd7 8. O-O
Bc5 9. Qc2 Qe7 10. d3 Rc8 11. Qe2 h6 12. Bf4 Bxa3 13. bxa3 Qxa3 14. Nd2 Qc5 15.
Nc4 Kf8 16. Nd6 Rb8 17. Rab1 a6 18. Rfc1 Qa7 19. Bc4 Nge7 20. Qh5 Ng6 21. Bg3
Nce7 22. Qf3 Kg8 23. Qxf7+ Kh7 24. Qf3 b5 25. Bb3 Rhf8 26. Qe2 a5 27. a3 Nf5
28. Rc2 Qa8 29. Rbc1 Nxd6 30. exd6 Rbc8 31. Rxc8 Rxc8 32. Rc7 Rxc7 33. dxc7 Qc6
34. h4 a4 35. Bd1 Ne7 36. Kh2 Nf5 37. Qe5 Qc3 38. Qe4 Qxa3 39. Be5 Kg8 40. g4
Ne7 41. Qxd4 Nd5 42. Bxg7 Qe7 43. Be5 Qxh4+ 44. Kg2 Qe7 45. Qa7 Bc8 46. d4 Kf7
47. Qa5 Qb4 48. Qa8 Qf8 49. Be2 Qg8 50. Qc6 h5 51. Kg3 b4 52. Bf3 a3 53. Qc4
Qg6 54. Bd6 hxg4 55. Bxd5 exd5 56. Qxd5+ Qe6 57. Qh5+ Qg6 58. Qd5+ Qe6 1/2-1/2

[Event "Europa ch s-18 femenino"]
[Site "Herceg Novi MNT"]
[Date "2008.09.22"]
[Round "7.6"]
[White "Nowak, Malgorzata"]
[Black "Ni, Viktorija"]
[Result "0-1"]
[WhiteElo "2052"]
[BlackElo "2129"]
[PlyCount "112"]
[EventDate "2008.09.15"]
[EventType "swiss"]
[EventRounds "9"]
[Source "lmi"]
[SourceDate "2008.09.15"]

1. d4 Nf6 2. c4 g6 3. Nc3 Bg7 4. e4 d6 5. Nf3 O-O 6. Be2 Na6 7. O-O e5 8. Be3
Ng4 9. Bg5 Qe8 10. dxe5 dxe5 11. h3 Nf6 12. Be3 b6 13. a3 Bb7 14. Qc2 Nc5 15.
Nd2 Ne6 16. Nd5 c6 17. Nxf6+ Bxf6 18. b4 c5 19. Nb3 Qe7 20. bxc5 bxc5 21. Rab1
Rac8 22. Bg4 Nd4 23. Nxd4 exd4 24. Rxb7 Qxb7 25. Bxc8 Rxc8 26. Bf4 Rc6 27. e5
Be7 28. Qe4 Rb6 29. Qd5 g5 30. Bc1 Qxd5 31. cxd5 c4 32. d6 Bd8 33. f4 gxf4 34.
Bxf4 h5 35. Rc1 c3 36. Kf2 Rb3 37. Ke2 c2 38. g3 Rxa3 39. h4 Kf8 40. Bg5 Bxg5
41. hxg5 Rxg3 42. Kd2 d3 43. Ra1 a5 44. Rf1 Ke8 45. g6 Rxg6 46. Kxd3 Rg2 47.
Ke4 Rd2 48. Rc1 Kd7 49. Kf5 a4 50. Kf6 Rf2+ 51. Kg7 a3 52. Ra1 a2 53. Rc1 Ke6
54. Kf8 Rd2 55. Ke8 Rd1 56. d7 Rxd7 0-1

[Event "Europa ch s-18 femenino"]
[Site "Herceg Novi MNT"]
[Date "2008.09.22"]
[Round "7.7"]
[White "Tsirulnik, Maritsa"]
[Black "Demidowicz, Maria"]
[Result "0-1"]
[WhiteElo "2110"]
[BlackElo "2032"]
[PlyCount "90"]
[EventDate "2008.09.15"]
[EventType "swiss"]
[EventRounds "9"]
[Source "lmi"]
[SourceDate "2008.09.15"]

1. e4 c5 2. Nf3 d6 3. d4 cxd4 4. Nxd4 Nf6 5. Nc3 a6 6. Be2 e5 7. Nb3 Be7 8. O-O
O-O 9. Be3 Be6 10. Qd2 Nc6 11. Rfd1 b5 12. f3 Rc8 13. a4 Bxb3 14. cxb3 Na5 15.
Qe1 Nxb3 16. Ra3 Nd4 17. Bxd4 exd4 18. Nd5 Nxd5 19. exd5 Qb6 20. Bd3 Bf6 21.
axb5 axb5 22. Ra5 Rc5 23. Rda1 g6 24. Ra6 Qc7 25. Ra7 Qc8 26. Qd2 Qe8 27. b4
Rxd5 28. Be4 Bg5 29. Qd3 Be3+ 30. Kh1 Rh5 31. g4 Rh4 32. Kg2 Qe5 33. h3 Kg7 34.
R7a5 Rb8 35. Bc6 h5 36. Rxb5 Rxb5 37. Bxb5 hxg4 38. fxg4 Qd5+ 39. Kg3 Rh8 40.
Bc4 Qg5 41. Qf1 d5 42. Bd3 Bf4+ 43. Kg2 Rxh3 44. Qd1 Qh4 45. Be4 Rh2+ 0-1

[Event "Europa ch s-18 femenino"]
[Site "Herceg Novi MNT"]
[Date "2008.09.22"]
[Round "7.8"]
[White "Kalashyan, Varduhi"]
[Black "Guadamuro Torrente, Anabel"]
[Result "0-1"]
[WhiteElo "2049"]
[BlackElo "2105"]
[PlyCount "128"]
[EventDate "2008.09.15"]
[EventType "swiss"]
[EventRounds "9"]
[Source "lmi"]
[SourceDate "2008.09.15"]

1. e4 e5 2. Nf3 Nc6 3. Bb5 Nf6 4. Qe2 a6 5. Ba4 b5 6. Bb3 Bc5 7. c3 d6 8. O-O
O-O 9. d3 h6 10. Be3 Ba7 11. Nbd2 Qe7 12. Rfe1 Bxe3 13. fxe3 Na5 14. d4 c5 15.
Bc2 Bg4 16. a4 c4 17. Qf2 Nc6 18. Nh4 Rfe8 19. Qg3 Bd7 20. Rf1 Kh8 21. Nf5 Bxf5
22. Rxf5 Qd7 23. b3 cxb3 24. Bxb3 b4 25. Bc2 bxc3 26. Nc4 Qc7 27. Qh4 Ng8 28.
Bd3 f6 29. Qf2 Nb4 30. Be2 c2 31. Rc1 exd4 32. exd4 Rxe4 33. Bf3 Nd3 34. Qxc2
Re1+ 35. Rxe1 Nxe1 36. Qe2 Nxf3+ 37. Rxf3 Rc8 38. Ne3 Re8 39. Qb2 Rb8 40. Qe2
Rb1+ 41. Rf1 Rxf1+ 42. Kxf1 Qa5 43. Qc4 Qd2 44. Nd5 f5 45. Nb4 Qd1+ 46. Kf2
Qxa4 47. Qc3 a5 48. Nd3 Qa2+ 49. Kg3 Kh7 50. h3 Nf6 51. Kh2 Nd5 52. Qe1 Nf6 53.
Nf4 Ne4 54. Ne2 a4 55. Qa5 Qxe2 56. Qxf5+ Kg8 57. Qe6+ Kf8 58. Qc8+ Ke7 59.
Qc7+ Kf6 60. Qd8+ Kg6 61. Qe8+ Kh7 62. Qe6 Ng3 63. Qxd6 Nf1+ 64. Kh1 Ne3 0-1

[Event "Europa ch s-18 femenino"]
[Site "Herceg Novi MNT"]
[Date "2008.09.22"]
[Round "7.9"]
[White "Exler, Veronika"]
[Black "Rakic, Marija"]
[Result "0-1"]
[WhiteElo "2011"]
[BlackElo "2276"]
[PlyCount "32"]
[EventDate "2008.09.15"]
[EventType "swiss"]
[EventRounds "9"]
[Source "lmi"]
[SourceDate "2008.09.15"]

1. e4 d6 2. d4 Nd7 3. f4 e5 4. Nf3 exd4 5. Qxd4 Ngf6 6. Nc3 c6 7. Be3 d5 8.
exd5 Bc5 9. Qd3 Qe7 10. Kd2 O-O 11. Re1 cxd5 12. Nxd5 Nxd5 13. Qxd5 Bb4+ 14. c3
Nf6 15. Bd4 Nxd5 16. Rxe7 Bxe7 0-1

[Event "Europa ch s-18 femenino"]
[Site "Herceg Novi MNT"]
[Date "2008.09.22"]
[Round "7.10"]
[White "Manyoki, Anna"]
[Black "Traistaru, Teodora"]
[Result "0-1"]
[WhiteElo "2053"]
[BlackElo "2162"]
[PlyCount "56"]
[EventDate "2008.09.15"]
[EventType "swiss"]
[EventRounds "9"]
[Source "lmi"]
[SourceDate "2008.09.15"]

1. e4 c5 2. Nf3 d6 3. d4 cxd4 4. Nxd4 Nf6 5. Nc3 a6 6. Be2 e5 7. Nb3 Be7 8. Bg5
Nbd7 9. Qd3 b5 10. a4 b4 11. Bxf6 Nxf6 12. Nd5 Nxd5 13. Qxd5 Be6 14. Qc6+ Bd7
15. Qb7 Rc8 16. c3 bxc3 17. bxc3 Rxc3 18. Bxa6 Rxb3 19. Qxb3 Qa5+ 20. Ke2 Qxa6+
21. Kf3 O-O 22. Rhc1 Be6 23. Qb5 Qa7 24. Rcb1 f5 25. Qb6 fxe4+ 26. Ke2 Bc4+ 27.
Ke1 Qd7 28. Rc1 d5 0-1

[Event "Europa ch s-18 femenino"]
[Site "Herceg Novi MNT"]
[Date "2008.09.22"]
[Round "7.11"]
[White "Mader, Manuela"]
[Black "Novosadova, Kristyna"]
[Result "0-1"]
[WhiteElo "2155"]
[BlackElo "2038"]
[PlyCount "60"]
[EventDate "2008.09.15"]
[EventType "swiss"]
[EventRounds "9"]
[Source "lmi"]
[SourceDate "2008.09.15"]

1. e4 e5 2. Nf3 Nc6 3. Bb5 f5 4. d4 fxe4 5. Bxc6 bxc6 6. Nxe5 Nf6 7. Bg5 Be7 8.
Qe2 O-O 9. Nd2 Qe8 10. O-O-O d5 11. f3 c5 12. fxe4 cxd4 13. exd5 Nxd5 14. Bxe7
Qxe7 15. Ndf3 c5 16. Rde1 Ne3 17. Qd2 Qb7 18. Nd3 Rb8 19. b4 Qa6 20. Nxc5 Qa3+
21. Kb1 Nd5 22. c4 Rxb4+ 23. Ka1 Rxc4 24. Nb3 Nc3 25. Nfxd4 Ra4 26. Nc1 Qb4 27.
Ndb3 Bf5 28. Rhf1 Nxa2 29. Qd5+ Kh8 30. Nxa2 Qc3# 0-1

[Event "Europa ch s-18 femenino"]
[Site "Herceg Novi MNT"]
[Date "2008.09.22"]
[Round "7.13"]
[White "Braggaar, Leonore"]
[Black "Dudas, Eszter"]
[Result "1-0"]
[WhiteElo "1967"]
[BlackElo "2108"]
[PlyCount "59"]
[EventDate "2008.09.15"]
[EventType "swiss"]
[EventRounds "9"]
[Source "lmi"]
[SourceDate "2008.09.15"]

1. e4 c5 2. Nf3 Nc6 3. d4 cxd4 4. Nxd4 Qb6 5. Nb3 Nf6 6. Nc3 e6 7. Be3 Qc7 8.
Bd3 a6 9. O-O Be7 10. f4 d6 11. Qf3 Nd7 12. Rae1 Bf6 13. g4 h6 14. Qh3 b6 15.
g5 Bxc3 16. bxc3 Rg8 17. g6 Nc5 18. gxf7+ Qxf7 19. Nxc5 dxc5 20. e5 Bb7 21. f5
Nxe5 22. fxe6 Nf3+ 23. Kf2 Qf6 24. Ke2 Rf8 25. Rb1 b5 26. Rbd1 Bd5 27. Qh5+ g6
28. Bxg6+ Ke7 29. Bxc5+ Kd8 30. Qxd5+ 1-0

[Event "Europa ch s-18 femenino"]
[Site "Herceg Novi MNT"]
[Date "2008.09.22"]
[Round "7.14"]
[White "Hortensius, Lisa"]
[Black "Mareckova, Martina"]
[Result "1-0"]
[WhiteElo "2028"]
[BlackElo "2042"]
[PlyCount "85"]
[EventDate "2008.09.15"]
[EventType "swiss"]
[EventRounds "9"]
[Source "lmi"]
[SourceDate "2008.09.15"]

1. e4 e5 2. Nc3 Nc6 3. Bc4 Nf6 4. d3 Bc5 5. f4 d6 6. Nf3 Be6 7. Bxe6 fxe6 8.
Na4 Bb6 9. Nxb6 axb6 10. fxe5 dxe5 11. O-O Qd6 12. Kh1 O-O-O 13. Be3 Rdf8 14.
Qd2 h6 15. Qc3 g5 16. a4 Rhg8 17. Nd2 Ng4 18. Bg1 Qb4 19. Nc4 Rf4 20. h3 Nf6
21. Bh2 Qxc3 22. bxc3 Rxf1+ 23. Rxf1 Nd7 24. Kg1 Rg7 25. Rf3 Kd8 26. Kf2 Ke7
27. Ke3 Rg6 28. g4 Rf6 29. Rxf6 Kxf6 30. d4 exd4+ 31. cxd4 e5 32. c3 b5 33.
axb5 Na7 34. Nxe5 Nxe5 35. Bxe5+ Ke6 36. Bxc7 Nxb5 37. Ba5 Nd6 38. Kd3 b5 39.
d5+ Kd7 40. Kd4 Nc4 41. Bb4 Nd2 42. e5 Nf3+ 43. Ke4 1-0

[Event "Europa ch s-18 femenino"]
[Site "Herceg Novi MNT"]
[Date "2008.09.22"]
[Round "7.15"]
[White "Vasile, Teodora"]
[Black "Kasperek, Joanna"]
[Result "0-1"]
[WhiteElo "1932"]
[BlackElo "2041"]
[PlyCount "80"]
[EventDate "2008.09.15"]
[EventType "swiss"]
[EventRounds "9"]
[Source "lmi"]
[SourceDate "2008.09.15"]

1. e4 c5 2. Nf3 e6 3. d4 cxd4 4. Nxd4 a6 5. Nc3 b5 6. a3 Bb7 7. Be2 Qc7 8. O-O
Nf6 9. Bf3 d6 10. Re1 Nbd7 11. g3 Be7 12. Bg2 O-O 13. h3 Nb6 14. Nb3 Rac8 15.
Na5 Ba8 16. Be3 Na4 17. Nxa4 bxa4 18. Bd2 Qxc2 19. Bc3 Qxd1 20. Raxd1 Nd7 21.
Bf1 Nc5 22. f3 f5 23. e5 dxe5 24. Bxe5 Bxf3 25. Rc1 Bd5 26. Bd4 Bf6 27. Bxf6
gxf6 28. Bc4 Nb3 29. Nxb3 Bxc4 30. Nd4 Rfd8 31. Rcd1 Kf7 32. Kf2 Bb3 33. Nxb3
Rxd1 34. Rxd1 axb3 35. Ke3 Rc2 36. Rd2 Rxd2 37. Kxd2 e5 38. Kc3 f4 39. gxf4
exf4 40. Kd3 Kg6 0-1

[Event "Europa ch s-18 femenino"]
[Site "Herceg Novi MNT"]
[Date "2008.09.22"]
[Round "7.16"]
[White "Chierici, Marianna"]
[Black "Vladimirova, Maria"]
[Result "0-1"]
[WhiteElo "2037"]
[BlackElo "2009"]
[PlyCount "158"]
[EventDate "2008.09.15"]
[EventType "swiss"]
[EventRounds "9"]
[Source "lmi"]
[SourceDate "2008.09.15"]

1. e4 c5 2. c3 d5 3. exd5 Qxd5 4. d4 Nf6 5. Nf3 Bg4 6. dxc5 e6 7. b4 Qxd1+ 8.
Kxd1 Nc6 9. Kc2 a5 10. Bb5 O-O-O 11. a3 Be7 12. Nbd2 Bf5+ 13. Kb3 Ng4 14. Nc4
e5 15. Bxc6 bxc6 16. Nfxe5 a4+ 17. Ka2 Be6 18. Nxg4 Bxc4+ 19. Kb2 Rhe8 20. Bf4
Bf6 21. Rhe1 Bb3 22. Bd6 h5 23. Ne3 g6 24. Nc2 Kb7 25. Rxe8 Rxe8 26. Re1 Rxe1
27. Nxe1 Ka6 28. Nf3 Bd1 29. Nd2 Kb5 30. f4 Be2 31. Kc2 Bh4 32. g3 Bd8 33. Ne4
Kc4 34. Nd2+ Kb5 35. Be5 Be7 36. h3 f5 37. h4 Bd8 38. c4+ Bxc4 39. Kc3 Bd5 40.
Kd3 Be7 41. Kd4 Bd8 42. Nb1 Bb3 43. Nc3+ Ka6 44. Bg7 Bc7 45. Bf8 Kb7 46. Bd6
Bd8 47. Ke5 Kc8 48. Ne2 Kd7 49. Nc3 Ke8 50. Kd4 Kd7 51. b5 Ba5 52. b6 Bxb6 53.
cxb6 Kxd6 54. Nb1 c5+ 55. Kc3 Kc6 56. Nd2 Bd5 57. Nf1 Kxb6 58. Ne3 Kc6 59. Nd1
Be6 60. Nb2 Bb3 61. Nd3 Kd5 62. Ne5 Ke4 63. Kd2 Be6 64. Ke2 c4 65. Kd2 Kd4 66.
Nf3+ Ke4 67. Ng5+ Kd5 68. Kc3 Bg8 69. Nf3 Ke4 70. Ne5 Ke3 71. Nxg6 Kf3 72. Ne7
Be6 73. Nc6 Kxg3 74. Nd4 Bd7 75. Kxc4 Kxh4 76. Kd5 Kg4 77. Kd6 Bc8 78. Kc7 Ba6
79. Kb6 Bd3 0-1

[Event "Europa ch s-18 femenino"]
[Site "Herceg Novi MNT"]
[Date "2008.09.22"]
[Round "7.17"]
[White "Dvoranova, Maria"]
[Black "Kirpichenko, Ekaterina"]
[Result "0-1"]
[WhiteElo "1891"]
[BlackElo "2026"]
[PlyCount "108"]
[EventDate "2008.09.15"]
[EventType "swiss"]
[EventRounds "9"]
[Source "lmi"]
[SourceDate "2008.09.15"]

1. d4 d5 2. c4 c6 3. Nf3 a6 4. e3 Nf6 5. Nbd2 g6 6. b3 Bg7 7. Bb2 O-O 8. Bd3
dxc4 9. bxc4 c5 10. Qc2 Nc6 11. a3 cxd4 12. exd4 Nh5 13. Nb3 Nf4 14. Bf1 Bf5
15. Qd2 Qd6 16. Nh4 Qe6+ 17. Qe3 Qxe3+ 18. fxe3 Nd3+ 19. Bxd3 Bxd3 20. Rc1 b5
21. c5 a5 22. Nd2 b4 23. Nc4 Bxc4 24. Rxc4 bxa3 25. Bxa3 Rfd8 26. Nf3 e5 27.
Nxe5 Nxe5 28. dxe5 Rd3 29. Bc1 Bxe5 30. Ke2 Rb3 31. c6 Rc8 32. Rd1 Rc3 33. Rxc3
Bxc3 34. Ba3 Rxc6 35. Rc1 Rc7 36. Kd3 Be5 37. Rxc7 Bxc7 38. h3 Kg7 39. Kc4 Kf6
40. Kd5 Kg5 41. Be7+ f6 42. Ke6 Be5 43. Ba3 Kh4 44. Kf7 Kg3 45. Kg7 Kxg2 46. h4
Kg3 47. Kxh7 Kxh4 48. Kxg6 Kg4 49. Bc1 Kf3 50. Kf5 a4 51. Ke6 Ke4 52. Kd7 Kd3
53. Kc6 Kc2 54. Ba3 Bb2 0-1

[Event "Europa ch s-18 femenino"]
[Site "Herceg Novi MNT"]
[Date "2008.09.22"]
[Round "7.18"]
[White "Tonel, Giulia"]
[Black "Balcaite, Agne"]
[Result "0-1"]
[WhiteElo "1983"]
[BlackElo "1830"]
[PlyCount "36"]
[EventDate "2008.09.15"]
[EventType "swiss"]
[EventRounds "9"]
[Source "lmi"]
[SourceDate "2008.09.15"]

1. e4 c6 2. Nf3 d6 3. d4 Bg4 4. Nc3 Nd7 5. Be2 Ngf6 6. Be3 e5 7. O-O Be7 8. h3
Bh5 9. Nh4 Bxe2 10. Qxe2 O-O 11. Nf5 Re8 12. dxe5 dxe5 13. Rad1 Bb4 14. Bg5 Qa5
15. Rd3 g6 16. Nh6+ Kg7 17. f4 exf4 18. Rxf4 Qxg5 0-1

[Event "Europa ch s-18 femenino"]
[Site "Herceg Novi MNT"]
[Date "2008.09.22"]
[Round "7.19"]
[White "Dirksen, Marieke"]
[Black "Veleska, Viktorija"]
[Result "1-0"]
[WhiteElo "1933"]
[BlackElo "1700"]
[PlyCount "115"]
[EventDate "2008.09.15"]
[EventType "swiss"]
[EventRounds "9"]
[Source "lmi"]
[SourceDate "2008.09.15"]

1. e4 g6 2. d4 Bg7 3. Nc3 c6 4. f4 d5 5. e5 Nh6 6. Be3 Bg4 7. Qd2 Be6 8. h3 f6
9. Nf3 Nf5 10. Bf2 O-O 11. g4 Nh6 12. Be3 fxe5 13. f5 exd4 14. Nxd4 Bxf5 15.
gxf5 Bxd4 16. Bxh6 Bg7 17. Bxg7 Kxg7 18. fxg6 hxg6 19. Qd4+ Kf7 20. O-O-O Qd6
21. Bd3 Nd7 22. Rhg1 Rg8 23. Rdf1+ Nf6 24. Qg4 Ke8 25. Bxg6+ Kd8 26. Qf5 Qh2
27. Qe6 Rf8 28. Re1 Qc7 29. Rgf1 Qd7 30. Bf5 Qxe6 31. Bxe6 Kc7 32. Bf5 Ng8 33.
h4 Rf7 34. Be6 Rxf1 35. Rxf1 Nf6 36. Ne2 Rh8 37. Rh1 Kd6 38. Bf7 e5 39. h5 Ne4
40. h6 Ng5 41. Bg6 Ke6 42. Ng3 Kf6 43. Bf5 Nf7 44. h7 e4 45. Kd2 b6 46. Rf1 Ke7
47. Ke3 Nd6 48. Kf4 Nf7 49. Nh5 Rf8 50. Rg1 Nh8 51. Rg7+ Kd6 52. Rg8 Ke7 53.
Kg5 Nf7+ 54. Kg6 Ne5+ 55. Kg7 e3 56. Ng3 Rxf5 57. h8=Q Rg5+ 58. Kh7 1-0

[Event "Europa ch s-18 femenino"]
[Site "Herceg Novi MNT"]
[Date "2008.09.22"]
[Round "7.20"]
[White "Finnbogadottir, Tinna Kristin"]
[Black "Brandenburg, Lucia"]
[Result "0-1"]
[WhiteElo "1655"]
[BlackElo "1926"]
[PlyCount "100"]
[EventDate "2008.09.15"]
[EventType "swiss"]
[EventRounds "9"]
[Source "lmi"]
[SourceDate "2008.09.15"]

1. e4 c5 2. c3 d5 3. exd5 Qxd5 4. d4 e6 5. Nf3 Nc6 6. Na3 Nf6 7. Nb5 Qd8 8. Bf4
Nd5 9. Bg3 a6 10. Na3 cxd4 11. Nxd4 Bxa3 12. Nxc6 bxc6 13. bxa3 Qa5 14. Be2
Qxc3+ 15. Kf1 Qxa3 16. Bf3 O-O 17. Qc2 Bd7 18. Rd1 Rfd8 19. h3 c5 20. Kg1 Ba4
21. Rd3 Qb4 22. Qc1 Rac8 23. Kh2 c4 24. Rd4 Qc5 25. Rg4 Nf6 26. Rg5 Nd5 27. Rg4
Nf6 28. Rg5 Nd5 29. Rg4 Bb5 30. Be5 f6 31. Qh6 Rd7 32. Bxd5 exd5 33. Qxf6 Qe7
34. Qf5 Rf8 35. Qh5 Qe6 36. Re1 Rf5 37. Rg5 Rxg5 38. Qxg5 d4 39. f4 c3 40. f5
Qh6 41. Qg4 c2 42. Bf4 Qc6 43. Qh5 Rf7 44. Bd2 d3 45. Qg5 Qd7 46. g4 Qd6+ 47.
Bf4 d2 48. Re6 Qxf4+ 49. Qxf4 d1=Q 50. a4 c1=Q 0-1

[Event "Europa ch s-18 femenino"]
[Site "Herceg Novi MNT"]
[Date "2008.09.22"]
[Round "7.23"]
[White "Purgar, Ivona"]
[Black "Chiarion, Elisa"]
[Result "1-0"]
[WhiteElo "2026"]
[BlackElo "1897"]
[PlyCount "63"]
[EventDate "2008.09.15"]
[EventType "swiss"]
[EventRounds "9"]
[Source "lmi"]
[SourceDate "2008.09.15"]

1. e4 c5 2. Nf3 d6 3. d4 cxd4 4. Nxd4 Nf6 5. Nc3 g6 6. Be3 Bg7 7. f3 O-O 8. Qd2
Nc6 9. Bc4 Bd7 10. O-O-O Rc8 11. Bb3 Nxd4 12. Bxd4 b5 13. Bxa7 Qa5 14. Bd4 Be6
15. Kb1 Bxb3 16. cxb3 Ra8 17. h4 h6 18. g4 Nd7 19. Bxg7 Kxg7 20. Qd4+ Kh7 21.
b4 Qa6 22. f4 Nb6 23. h5 Nc4 24. hxg6+ fxg6 25. Rxh6+ Kg8 26. Qd5+ Kg7 27. Rdh1
Rh8 28. Qg5 Rxh6 29. Qxe7+ Kg8 30. Rxh6 Qa7 31. Rxg6+ Kh8 32. Qf6+ 1-0

[Event "Europa ch s-18 femenino"]
[Site "Herceg Novi MNT"]
[Date "2008.09.22"]
[Round "7.24"]
[White "Farevaag, Evy"]
[Black "Asgarova, Turan Nizami Qizi"]
[Result "0-1"]
[WhiteElo "1771"]
[BlackElo "2008"]
[PlyCount "120"]
[EventDate "2008.09.15"]
[EventType "swiss"]
[EventRounds "9"]
[Source "lmi"]
[SourceDate "2008.09.15"]

1. d4 Nf6 2. e3 g6 3. Bd3 Bg7 4. f4 d5 5. Nf3 Nc6 6. c3 e6 7. Nbd2 Bd7 8. Ne5
Nxe5 9. fxe5 Ng8 10. O-O Nh6 11. Qf3 O-O 12. Qh3 Nf5 13. Nf3 b6 14. e4 dxe4 15.
Bxe4 Rb8 16. g4 Ne7 17. Bh6 Bb5 18. Rf2 Nd5 19. Ng5 Qe7 20. Bxg7 Qxg5 21. Bxf8
Rxf8 22. b3 f5 23. exf6 Nf4 24. Qf3 Rxf6 25. c4 Bd7 26. Qg3 e5 27. dxe5 Qxe5
28. Bd5+ Kg7 29. Raf1 Ne2+ 30. Rxe2 Qxe2 31. Rxf6 Kxf6 32. Qf4+ Ke7 33. Qf7+
Kd8 34. Qf8+ Qe8 35. Qxe8+ Kxe8 36. h3 g5 37. Kg2 Ke7 38. Kg3 Kd6 39. Be4 h6
40. Kf3 Kc5 41. Ke3 a5 42. a4 Kb4 43. Bc2 Kc3 44. Bd1 Bc6 45. Kf2 Kd2 46. Bf3
Bxf3 47. Kxf3 Kc3 48. Ke4 Kxb3 49. Kf5 Kxc4 50. Kg6 Kd4 51. Kxh6 c5 52. Kxg5 c4
53. h4 c3 54. h5 c2 55. h6 c1=Q+ 56. Kg6 Qc6+ 57. Kg7 Qd7+ 58. Kg8 Qxg4+ 59.
Kh7 Qe4+ 60. Kg8 Qg6+ 0-1

[Event "Europa ch s-18 femenino"]
[Site "Herceg Novi MNT"]
[Date "2008.09.22"]
[Round "7.25"]
[White "Di Cerbo, Giulia"]
[Black "Orehek, Spela"]
[Result "0-1"]
[WhiteElo "1795"]
[BlackElo "1886"]
[PlyCount "74"]
[EventDate "2008.09.15"]
[EventType "swiss"]
[EventRounds "9"]
[Source "lmi"]
[SourceDate "2008.09.15"]

1. d4 d5 2. Nf3 Nf6 3. Bf4 c5 4. c3 Qb6 5. Qb3 Nc6 6. e3 c4 7. Qc2 Bf5 8. Qc1
h6 9. h3 e6 10. Nbd2 Qd8 11. Be2 Be7 12. Ne5 Nxe5 13. dxe5 Ne4 14. Nxe4 Bxe4
15. O-O O-O 16. Qd1 b5 17. a3 a5 18. Qd4 Qc7 19. Bg3 Bc5 20. Qd2 Qa7 21. Rfe1
Qe7 22. f3 Bh7 23. b4 cxb3 24. Bxb5 Bxa3 25. Bd3 Bxd3 26. Qxd3 Rfc8 27. e4 Bb2
28. Rab1 Bxc3 29. Rec1 d4 30. Bf2 Qb4 31. f4 a4 32. f5 b2 33. Rf1 a3 34. Qg3 a2
35. f6 Qf8 36. Be3 dxe3 37. Rf4 Bxe5 0-1

[Event "Europa ch s-18 femenino"]
[Site "Herceg Novi MNT"]
[Date "2008.09.22"]
[Round "7.26"]
[White "Aggeli, Eleni"]
[Black "Naydenova, Yordanka"]
[Result "1-0"]
[WhiteElo "1856"]
[BlackElo "1807"]
[PlyCount "113"]
[EventDate "2008.09.15"]
[EventType "swiss"]
[EventRounds "9"]
[Source "lmi"]
[SourceDate "2008.09.15"]

1. e4 e5 2. Nf3 Nc6 3. Bb5 a6 4. Ba4 Nf6 5. O-O Be7 6. Re1 b5 7. Bb3 d6 8. c3
O-O 9. h3 Na5 10. Bc2 c5 11. d4 Qc7 12. Nbd2 Re8 13. a4 Bf8 14. axb5 exd4 15.
cxd4 axb5 16. d5 b4 17. Ba4 Bd7 18. b3 Bxa4 19. Rxa4 Nd7 20. Bb2 g6 21. Qa1 Ra7
22. Qd1 Bg7 23. Bxg7 Kxg7 24. Qc2 Rea8 25. Rea1 Nb6 26. Qb2+ f6 27. R4a2 Kf7
28. Kh2 Qb8 29. Qc2 Nb7 30. Ne1 Na5 31. f4 Ra6 32. Nd3 R8a7 33. Nf2 Qa8 34. Re1
Nb7 35. Rxa6 Rxa6 36. Ng4 Ra2 37. Qd3 Qa6 38. Qe3 Rc2 39. f5 g5 40. h4 Rc3 41.
Qf2 h5 42. hxg5 fxg5 43. Nf3 hxg4 44. Nxg5+ Ke8 45. Qh4 g3+ 46. Kh3 Nd8 47. Qh7
Qc8 48. Ne6 Nf7 49. Qg8+ Ke7 50. f6+ Kxf6 51. Rf1+ Ke5 52. Qxf7 Qh8+ 53. Kg4
Kxe4 54. Qf5+ Ke3 55. Qf3+ Kd2 56. Qd1+ Ke3 57. Re1+ 1-0

[Event "Europa ch s-18 femenino"]
[Site "Herceg Novi MNT"]
[Date "2008.09.23"]
[Round "8.1"]
[White "Danelia, Mariam"]
[Black "Girya, Olga"]
[Result "1/2-1/2"]
[WhiteElo "2185"]
[BlackElo "2350"]
[PlyCount "62"]
[EventDate "2008.09.15"]
[EventType "swiss"]
[EventRounds "9"]
[Source "lmi"]
[SourceDate "2008.09.15"]

1. d4 Nf6 2. c4 g6 3. Nc3 Bg7 4. e4 d6 5. f3 O-O 6. Be3 Nbd7 7. Qd2 a6 8. Nh3
c5 9. d5 b5 10. cxb5 Qa5 11. Nf2 Ne8 12. a4 axb5 13. Bxb5 Nc7 14. Be2 Ba6 15.
O-O Rfb8 16. Ra3 Nb6 17. Nb5 Qxd2 18. Bxd2 Bxb5 19. axb5 Bxb2 20. Ra5 Bd4 21.
Rc1 Rb7 22. Rxa8+ Ncxa8 23. Bc3 Bxc3 24. Rxc3 Ra7 25. Ng4 Ra2 26. Bf1 Nc7 27.
Rb3 Ra1 28. Ne3 c4 29. Rb2 Rc1 30. Kf2 c3 31. Rc2 Rb1 1/2-1/2

[Event "Europa ch s-18 femenino"]
[Site "Herceg Novi MNT"]
[Date "2008.09.23"]
[Round "8.2"]
[White "Fuchs, Judith"]
[Black "Nemcova, Katerina"]
[Result "0-1"]
[WhiteElo "2197"]
[BlackElo "2372"]
[PlyCount "92"]
[EventDate "2008.09.15"]
[EventType "swiss"]
[EventRounds "9"]
[Source "lmi"]
[SourceDate "2008.09.15"]

1. e4 c5 2. Nf3 e6 3. d4 cxd4 4. Nxd4 a6 5. Nc3 Qc7 6. Bd3 Nf6 7. O-O Bc5 8.
Nb3 Be7 9. Qe1 d6 10. f4 Nbd7 11. Qg3 O-O 12. Be3 b5 13. a3 Bb7 14. Rae1 g6 15.
Kh1 Rac8 16. Qh3 Rfe8 17. f5 e5 18. Bg5 Qd8 19. Bd2 Bf8 20. Rf2 Bg7 21. Bg5 h6
22. Bc1 g5 23. Rff1 Nb6 24. Nd2 Qc7 25. Qe3 d5 26. Qe2 Re7 27. Qf2 Qc6 28. exd5
Nbxd5 29. Nxd5 Qxd5 30. Ne4 Qc6 31. Nxf6+ Bxf6 32. Be4 Qc7 33. Bxb7 Qxb7 34.
Be3 Qc6 35. c3 Rd8 36. Qc2 Red7 37. Bc1 Rd3 38. Rd1 e4 39. Qe2 Qc4 40. Qc2 Kg7
41. Rde1 R8d5 42. Qe2 Re5 43. Be3 Red5 44. Qf2 Qb3 45. Bc1 Rd1 46. Rxe4 Qc2 0-1

[Event "Europa ch s-18 femenino"]
[Site "Herceg Novi MNT"]
[Date "2008.09.23"]
[Round "8.3"]
[White "Ni, Viktorija"]
[Black "Ozturk, Kubra"]
[Result "1/2-1/2"]
[WhiteElo "2129"]
[BlackElo "2188"]
[PlyCount "108"]
[EventDate "2008.09.15"]
[EventType "swiss"]
[EventRounds "9"]
[Source "lmi"]
[SourceDate "2008.09.15"]

1. d4 d5 2. c4 dxc4 3. Nf3 c5 4. e3 cxd4 5. exd4 Be6 6. Nc3 Nf6 7. Qa4+ Qd7 8.
Nb5 Nc6 9. Ne5 Nxe5 10. dxe5 Nd5 11. Bxc4 Rc8 12. O-O a6 13. Bxd5 Bxd5 14. Nc3
Bc6 15. Qh4 b5 16. Re1 g6 17. e6 fxe6 18. Bg5 Bd5 19. Rad1 Rxc3 20. Qd4 Rg8 21.
Qxc3 Bg7 22. Qc5 Bf8 23. Qb6 a5 24. Rc1 Kf7 25. Rc7 Qd8 26. Rec1 h6 27. Bh4 g5
28. Bg3 Bg7 29. Qxb5 Bf6 30. Qe2 g4 31. a3 Qa8 32. Re1 h5 33. Qc2 Rg6 34. Rc8
Qb7 35. Rb8 Qc6 36. Qxc6 Bxc6 37. b4 axb4 38. axb4 h4 39. Bf4 Bd4 40. Be3 Be5
41. Rb6 Bd5 42. b5 g3 43. hxg3 hxg3 44. f3 Rg8 45. Rc1 Rd8 46. Rd1 Rc8 47. Ra6
Rc3 48. Re1 Rb3 49. b6 Bc3 50. Rc1 Bb2 51. Re1 Bc3 52. Rc1 Bb2 53. Re1 Bc3 54.
Rc1 Bb2 1/2-1/2